Frei Otto : A Life Of Research Construction and Inspiration (Record no. 17395)

MARC details
000 -LEADER
fixed length control field 00429nam a2200157Ia 4500
008 - FIXED-LENGTH DATA ELEMENTS--GENERAL INFORMATION
fixed length control field 220803s9999 xx 000 0 und d
020 ## - INTERNATIONAL STANDARD BOOK NUMBER
International Standard Book Number 9783955532529
041 ## - LANGUAGE CODE
Language code of text/sound track or separate title eng
082 ## - DEWEY DECIMAL CLASSIFICATION NUMBER
Classification number 720.28 MEI
100 ## - MAIN ENTRY--PERSONAL NAME
Personal name Meissner I
9 (RLIN) 27329
245 ## - TITLE STATEMENT
Title Frei Otto : A Life Of Research Construction and Inspiration
250 ## - EDITION STATEMENT
Edition statement 2nd
260 ## - PUBLICATION, DISTRIBUTION, ETC. (IMPRINT)
Place of publication, distribution, etc. Munich
Name of publisher, distributor, etc. Institute For International Architecture
Date of publication, distribution, etc. 2017
300 ## - PHYSICAL DESCRIPTION
Extent 128p
500 ## - GENERAL NOTE
Keywords DIGIT
Holdings
Withdrawn status Lost status Damaged status Not for loan Collection code Home library Current library Date acquired Vendor Cost, normal purchase price Full call number Barcode Date last seen Cost, replacement price Bill Date Koha item type Original Barcode
        Book of B Arch Dr. Bhanuben Nanavati College of Architecture Dr. Bhanuben Nanavati College of Architecture 10/12/2021 Word Book 2262.00 720.95 MEI BNCA-BK-11581 03/08/2022 3016.00 08/12/2021 Reference book B11581